Economía internacional
Tallennettuna:
| Päätekijä: | |
|---|---|
| Aineistotyyppi: | Teksti |
| Julkaistu: |
Madrid:
Aguilar
|
| Painos: | 7 |
| Tagit: |
Lisää tagi
Ei tageja, Lisää ensimmäinen tagi!
|
MARC
| LEADER | 00000 a a2200000 04500 | ||
|---|---|---|---|
| 001 | 22568 | ||
| 003 | |||
| 040 | |||
| 020 | |a 84-03-18060-8 | ||
| 090 | |a 154500 | ||
| 100 | |a Kindleberger, Charles P. | ||
| 245 | |a Economía internacional | ||
| 250 | |a 7 | ||
| 260 | |a Madrid: |b Aguilar | ||
| 300 | |a 608 p. |b **no definido** |b fonodiscos |b escudos de armas | ||
| 999 | |c 13408 |d 13408 | ||



